Welke landen/gebieden zijn lid van de voetbalbond OFC? - Statistieken

Algemene statistieken
  • Deze quiz is 23 keer genomen
  • De gemiddelde score is 7 van 11
Antwoordstatistieken
Hint Antwoord % Correct
onafhankelijk Fiji
100%
onafhankelijk Nieuw-Zeeland
94%
onafhankelijk Samoa
94%
onafhankelijk Vanuatu
88%
onafhankelijk Salomonseilanden
81%
onafhankelijk Tonga
69%
onafhankelijk Papoea-Nieuw-Guinea
56%
Frankrijk Nieuw-Caledonië
31%
Frankrijk Tahiti (Frans Polynesië)
31%
VS Amerikaans Samoa
25%
Nieuw-Zeeland Cookeilanden
13%
Geen overeenkomende quizzen gevonden
Scoreverdeling
Procent van Mensen met Elke Score
Percentiel versus Aantal Correcte Antwoorden
Uw Scoregeschiedenis
U heeft deze quiz nog niet genomen